书目信息 |
| 题名: |
科学教育研究手册
|
|
| 作者: | 莱德曼 , 埃布尔 主编 ;李秀菊 , 刘晟 , 姚建欣 翻译 | |
| 分册: | 上卷 | |
| 出版信息: | 北京 外语教学与研究出版社 2022.07 |
|
| 页数: | 764页 | |
| 开本: | 29cm | |
| 丛书名: | ||
| 单 册: | ||
| 中图分类: | G40-034 | |
| 科图分类: | ||
| 主题词: | 科学教育学--手册 | |
| 电子资源: | ||
| ISBN: | 978-7-5213-3184-4 | |
| 000 | 01735nam0 2200361 450 | |
| 001 | 0100084105 | |
| 005 | 20250617161336.56 | |
| 010 | @a978-7-5213-3184-4@dCNY298.00 | |
| 035 | @a(A100000NLC)011916973 | |
| 049 | @aA100000NLC@bUCS01011465202@c011916973@dNLC01 | |
| 100 | @a20220819d2022 em y0chiy0110 ea | |
| 101 | 1 | @achi@ceng |
| 102 | @aCN@b110000 | |
| 105 | @aa z 000yy | |
| 106 | @ar | |
| 200 | 1 | @a科学教育研究手册@9ke xue jiao yu yan jiu shou ce@h上卷@b专著@e扩增版@f(美)诺曼·莱德曼(Norman G. Lederman),(美)桑德拉·埃布尔(Sandra K. Abell)主编@g李秀菊,刘晟,姚建欣主持翻译 |
| 210 | @a北京@c外语教学与研究出版社@d2022.07 | |
| 215 | @a764页@c图@d29cm | |
| 300 | @a中国科学研究所资助 | |
| 305 | @a由Taylor&Francis出版集团旗下的Routledge出版公司授权出版 | |
| 312 | @a封面英文题名:Handbook of research on science education. Volume II | |
| 330 | @a本书阐述了科学史和科学哲学如何为科学教育中长期存在的理论、课程和教学法问题提供解决方案。本书论述了为什么科学教师需要了解他们所教学科的科学史和科学哲学方面的知识,以及这些知识如何丰富科学教学,激发学生对科学的热爱。通过历史视角,本书向学生、教师和研究人员揭示了科学知识的基础,科学与哲学、形而上学和数学之间的关系,以及科学与重大社会事件(包括欧洲启蒙运动)之间的关系。 | |
| 333 | @a科学教育学研究人员 | |
| 510 | 1 | @aHandbook of research on science education@hVolume II@zeng |
| 606 | 0 | @a科学教育学@j手册 |
| 690 | @aG40-034@v5 | |
| 701 | 0 | @c(美)@a莱德曼@9lai de man@c(Lederman, Norman G.)@4主编 |
| 701 | 0 | @c(美)@a埃布尔@9ai bu er@c(Abell, Sandra K.)@4主编 |
| 702 | 0 | @a李秀菊@9li xiu ju@4翻译 |
| 702 | 0 | @a刘晟@9liu sheng@4翻译 |
| 702 | 0 | @a姚建欣@9yao jian xin@4翻译 |
| 801 | 0 | @aCN@b人天书店@c20250616 |
| 905 | @b1624435@dG40-034@e1571:1@f1 | |
| 科学教育研究手册.上卷:扩增版/(美)诺曼·莱德曼(Norman G. Lederman),(美)桑德拉·埃布尔(Sandra K. Abell)主编/李秀菊,刘晟,姚建欣主持翻译.-北京:外语教学与研究出版社,2022.07 |
| 764页:图;29cm |
| 中国科学研究所资助.-使用对象:科学教育学研究人员 |
| ISBN 978-7-5213-3184-4:CNY298.00 |
| 本书阐述了科学史和科学哲学如何为科学教育中长期存在的理论、课程和教学法问题提供解决方案。本书论述了为什么科学教师需要了解他们所教学科的科学史和科学哲学方面的知识,以及这些知识如何丰富科学教学,激发学生对科学的热爱。通过历史视角,本书向学生、教师和研究人员揭示了科学知识的基础,科学与哲学、形而上学和数学之间的关系,以及科学与重大社会事件(包括欧洲启蒙运动)之间的关系。 |
| ● |
| 相关链接 |
|
|
|
|
正题名:科学教育研究手册
索取号:G40-034/1571:1
 
预约/预借
| 序号 | 登录号 | 条形码 | 馆藏地/架位号 | 状态 | 备注 |
| 1 | 1624435 | 216244357 | 第一样本阅览室/ [索取号:G40-034/1571:1] | 在馆 |